000
00332nam a2200145Ia 4500
100
_a
Panovko/Ya
650
_a
General
942
_c
BK
654
_a
Elastic Vibration
245
_a
Elements of the Applied Theory Of Elastic Vibration
260
_b
Mir Publishers
_c
1971
082
_a
621.8
300
_a
318
546
_a
ENGLISH
999
_c
27474
_d
27474